000
00230 a2200097 4500
001
35913
100
_a
Allan D M
245
_a
Computer Science and Statistics
260
_a
Amsterdam
_b
North Holland
_c
1986
090
_c
23463
_d
23463
942
_a
NUST-CAE
_c
M
_c
14962
999
_c
270986
_d
270986